Indiquez la profession des parents ! 9 - Statistiques

Statistiques générales
  • Ce quiz a été pris 5 fois
  • Le résultat moyen est 2 sur 20
Statistiques - réponses
Hint Réponse % Correct
Christophe Lambert Diplomate
50%
Arthur Jugnot Acteur - Couturière
25%
Pascal Légitimus Acteur / Couturière
25%
Vincent Lindon Chef d'entreprise
25%
Benoît Magimel Employé de banque - Infirmière
25%
Fernand Ledoux Grossiste en vins
25%
Bernard Campan Professeurs
25%
Mathieu Madénian Vendeur de pneus / Assistante sociale
25%
Didier Bourdon Agent EDF
0%
Marc Jolivet Comédiens de doublage
0%
Jean Lefebvre Industriel
0%
Vincent Lagaf' Ingénieur
0%
Michel Leeb Ingénieur / Mannequin
0%
Philippe Chevalier Magistrat
0%
Michaël Lonsdale Militaire de carrière
0%
Bernard Le Coq Peintre en bâtiment / Concierge
0%
Régis Laspalès Photographe / Artiste peintre
0%
Frank Leboeuf Plombier-chauffagiste
0%
Jean-Pierre Léaud Scénariste / Comédienne
0%
Robert Le Vigan Vétérinaire
0%
Aucun quiz correspondant
Distribution des résultats
% des personnes avec chaque résultat
Percentile par nombre de réponses
Votre historique - résultats
Vous n’avez pas pris ce quiz